La tumba de Alejandro : El enigma /

La historia de la tumba de Alejandro Magno es la de una gran aventura. Su relato verdadero es difícil de desentrañar de las numerosas leyendas, los datos desconocidos y la multitud de contradicciones que lo circundan. Tras la expansión del cristianismo el sepulcro de Alejandro, ubicado en la ciudad...

Descripción completa

Guardado en:
Autor Principal: Manfredi, Valerio Massimo.
Otros Autores: Monreal Salvador, José Ramón; trad.
Formato: Libro
Idioma:Undetermined
Publicado: Buenos Aires : Grijalbo, 2011.
Edición:1a ed.
Series:Novela Histórica Grijalbo
Materias:
Etiquetas: Agregar Etiqueta
Sin Etiquetas, Sea el primero en etiquetar este registro!
LEADER 01913nam a22002055a 4500
001 CEM.cems020240
008 230703s2011####ag############000#0#und#d
005 20230802093914.0
245 1 0 |a La tumba de Alejandro :  |b El enigma /  |c Valerio Massimo Manfredi; traducido por José Ramón Monreal Salvador. 
250 |a 1a ed. 
260 |a Buenos Aires :  |b Grijalbo,  |c 2011. 
300 |a 224 p. 
490 1 |a Novela Histórica Grijalbo 
520 |a La historia de la tumba de Alejandro Magno es la de una gran aventura. Su relato verdadero es difícil de desentrañar de las numerosas leyendas, los datos desconocidos y la multitud de contradicciones que lo circundan. Tras la expansión del cristianismo el sepulcro de Alejandro, ubicado en la ciudad que lleva su nombre y convertido en centro de peregrinación durante siete siglos, cayó en el olvido. Tanto por catástrofes naturales como por conflictos bélicos, se borró el rastro de los restos del mítico conquistador macedonio. El interés por hallarlos apareció con el renacimiento de la fascinación por el mundo antiguo y la arqueología que surgió durante la campaña egipcia de Napoleón. Desde arqueólogos renombrados hasta aventureros y cazatesoros, han sido muchos los que se han obsesionado con hallar el paradero de la tumba del héroe más grande de todos los tiempos. En su célebre trilogía "Alexandros", Valerio Massimo Manfredi retrató al hombre y narró la vida del rey de Macedonia que cambió por completo la faz del mundo conocido. En "La tumba de Alejandro", el autor fusiona sus conocimientos como arqueólogo con su talento como narrador para arrastrar al lector al corazón del enigma. 
020 |a 9789502805306 
100 1 |a Manfredi, Valerio Massimo. 
700 1 |a Monreal Salvador, José Ramón; trad. 
653 |a Novela histórica 
653 |a Literatura italiana 
859 |a CEMS  |b BIB. CEMS - 11 de abril  |h 853.9  |i M313-1  |p 29507.23  |t Ej.1